| 000 | 01099cam a2200385 a 4500 | ||
|---|---|---|---|
| 001 | data | ||
| 005 | 20260322212102.0 | ||
| 008 | data | ||
| 035 | _a580182 | ||
| 906 |
_a7 _bcbc _corignew _d1 _eocip _f19 _gy-gencatlg |
||
| 010 | _a 90015138 | ||
| 020 | _a0443041105 | ||
| 020 | _a9780443041105 | ||
| 035 | _9(DLC) 90015138 | ||
| 040 |
_aDNLM/DLC _cDLC _dDLC |
||
| 050 | 1 | 0 |
_aRM300 _b.R35 1991 |
| 060 | _aQV 4 R196p | ||
| 082 | 0 | 0 |
_a615/.1 _220 |
| 100 | 1 | _aRang, H. P. | |
| 245 | 1 | 0 |
_aPharmacology / _cH.P. Rang, M.M. Dale. |
| 250 | _a2nd ed. | ||
| 260 |
_aNew York : _aNew York : _bChurchill Livingstone, _c1991. |
||
| 300 |
_a955 p. : _bill. ; _c25 cm. |
||
| 336 |
_atext _btxt _2rdacontent |
||
| 337 |
_aunmediated _bn _2rdamedia |
||
| 338 |
_avolume _bnc _2rdacarrier |
||
| 500 | _aIncludes index. | ||
| 504 | _aIncludes bibliographical references. | ||
| 650 | 0 | _aPharmacology. | |
| 650 | 2 | _aPharmacology. | |
| 700 | 1 | _aDale, M. Maureen. | |
| 920 | _aDo not acquire | ||
| 999 |
_c1487 _d1487 |
||